Hồ Chí Minh: Nhà giáo dục đi trước thời đại /
Bewaard in:
| Hoofdauteur: | |
|---|---|
| Formaat: | Artikel |
| Taal: | Vietnamese |
| Onderwerpen: | |
| Tags: |
Voeg label toe
Geen labels, Wees de eerste die dit record labelt!
|
| Thư viện lưu trữ: | Thư viện Trường Đại học Đà Lạt |
|---|
| LEADER | 00785nam a2200265 4500 | ||
|---|---|---|---|
| 001 | DLU180187042 | ||
| 005 | ##20180913 | ||
| 040 | # | # | |a DLU |b vie |
| 041 | # | # | |a vie |
| 044 | # | # | |a vn |
| 100 | # | # | |a Trần Văn Nhung, |c GS.TSKH. |
| 245 | # | # | |a Hồ Chí Minh: Nhà giáo dục đi trước thời đại / |c Trần Văn Nhung. |
| 653 | # | # | |a Hồ Chí Minh |
| 653 | # | # | |a Nhà giáo dục |
| 653 | # | # | |a Tấm gương tự học |
| 773 | # | # | |t Tạp chí dạy và học ngày nay |g Số 5, 2016, tr. 5-6 |
| 920 | # | # | |a Phòng Tạp chí -- Trung tâm Thông tin - Thư viện Trường Đại học Đà Lạt |
| 994 | # | # | |a DLU |
| 900 | # | # | |a True |
| 911 | # | # | |a Trần Thị Minh Hương |
| 925 | # | # | |a G |
| 926 | # | # | |a A |
| 927 | # | # | |a BB |
| 980 | # | # | |a Thư viện Trường Đại học Đà Lạt |